Engineering mathematics-1 / (Record no. 166296)

MARC details
000 -LEADER
fixed length control field 00704nam a22002057a 4500
005 - DATE AND TIME OF LATEST TRANSACTION
control field 20190718161106.0
010 ## - LCCN (DPL NO)
LC control number ENG-126003
020 ## - INTERNATIONAL STANDARD BOOK NUMBER
Terms of availability 679.00
International Standard Book Number 9789353435868
035 ## - SYSTEM CONTROL NUMBER
System control number EN-109535
037 ## - SOURCE OF ACQUISITION
Source of stock number/acquisition DBAD/PUB
082 ## - DEWEY DECIMAL CLASSIFICATION NUMBER
Classification number 620.001
100 ## - MAIN ENTRY--PERSONAL NAME
Personal name Das, P.Sivaramakrishna
245 ## - TITLE STATEMENT
Title Engineering mathematics-1 /
Statement of responsibility, etc by P.Sivaramakrishna Das [and] C.Vijayakumari
250 ## - EDITION STATEMENT
Edition statement 4th ed.
260 ## - PUBLICATION, DISTRIBUTION, ETC. (IMPRINT)
Place of publication, distribution, etc Noida
Name of publisher, distributor, etc Pearson India Education
Date of publication, distribution, etc 2019
270 ## - ADDRESS
Address 15th, Floor, Tower-B, World Trade Tower, Plot No.1, Block-C, Sector 16
City Noida
Postal code 201301
Electronic mail address deerghayuinternational@gmail.com
300 ## - PHYSICAL DESCRIPTION
Extent various paging.
Dimensions 24cm(pbk)
700 ## - ADDED ENTRY--PERSONAL NAME
Personal name Vijayakumari, C
942 ## - ADDED ENTRY ELEMENTS (KOHA)
Source of classification or shelving scheme Dewey Decimal Classification
Item type English Books
Classification part 620.001
Call number suffix SIV
Holdings
Withdrawn status Lost status Not for loan Collection code Home library Current library Date acquired Source of acquisition Cost, normal purchase price Full call number Barcode Copy number Cost, replacement price Koha item type
      Non-fiction Ashok Vihar Ashok Vihar 18/07/2019 DBAD/PUB 679.00 620.00151 DAS EN-109535 1 679.00 English Books

© Delhi Public Library
Hit Counter
free hit counter